1862 1232 1371 1014 1721 1748 1113 1078 1042 1994 1249 1128 1173 1322 1340 1878 1663 1519 1331 1455 1968 1714 1513 1108 1436 1941 1659 1955 1754 1031 1609 1294 1018 1306 1347 1400 1965 1396 1906 1032 1606 1027 1040 1097 1258 1888 1036 1139 1996 1403 1206 1658 1918 1648 1557 1165 1653 1427 1174 1488 1653 1300 1557 1745 1884 1895 1952 1261 1605 1693 1589 1325 1050 1935 1277 1656 1797 1620 1395 1906 1512 1369 1351 1333 1539 1118 1884 1369 1196 1157 1726 1403 1770 1877 1386 1444 1581 1361 1444 BCNSPRNW ULIB Ver.6.0+V

เปลี่ยนเป็นภาษาไทย

Change to English
 แสดงรายละเอียดบรรณานุกรม
  กลับหน้าหลัก

Brief Record : Get Marc (ISO 2709) : E-mail record : QR code < ปิดหน้าต่าง
LEADER : 00000nam 2200000uu 4500
001    13399112904
003     ULIB
008    110916s2554||||th 000 0 tha d
024    9786165301374
050  0 TX809^bจ379ข 2554
100 0  จำลองลักษณ์ หุ้นชิ้น, บรรณาธิการ
245 00 ข้าวราดแกง^cจำลองลักษณ์ หุ้นชิ้น, บรรณาธิการ
260    กรุงเทพฯ:^bแม่บ้าน,^c2554
300    154 หน้า
650  4 ข้าวราดแกง
650  4 การปรุงอาหารไทย
945    ^p200^l0^i030538
995    เกษร
999 ^a ใช้งานได้ทุกระบบ
รายการนี้ยังไม่มีแท็ก
คุณยังไม่ได้ล็อกอิน คุณสามารถมีกิจกรรมร่วมกับเว็บไซต์ได้ แต่ต้องล็อกอินก่อน ::
  ล็อกอิน

รายการสื่อสารสนเทศ

ลำดับที่ ประเภท เลขเรียก/บาร์โค้ด สถานที่ สถานะ
- ไม่พบข้อมูล -

รายการใกล้เคียง
    หัวเรื่อง [การปรุงอาหารไทย]

BibComment


ยังไม่เคยถูกคอมเมนท์

คอมเมนท์ทรัพยากรรายการนี้
  คอมเมนท์: ข้าวราดแกง จำลองล..


 Copyright 2026. Bcnsprnw @Library